000 00444cam a2200145 4500500
005 20251012020953.0
041 _afre
042 _adc
100 1 0 _aAparicio, Sol
_eauthor
245 0 0 _aCes idées qu’on appelle noires
260 _c2025.
500 _a92
786 0 _nChamp lacanien | 29 | 1 | 2025-09-17 | p. 91-97 | 1767-6827
856 4 1 _uhttps://shs.cairn.info/revue-champ-lacanien-2025-1-page-91?lang=fr&redirect-ssocas=7080
999 _c1537540
_d1537540